000 00747nam a2200229Ia 4500
003 OSt
005 20220926021931.0
006 a|||||r|||| 00| 0
007 ta
008 220923b |||||||| |||| 00| 0 eng d
037 _cGeneral Book
040 _aRTL
_cRTL
_beng
041 _2eng
_aeng
082 _aVIN45,93:8.N73, L3 /UN
110 _aUNITED NATIONS, ECONOMIC AND SOCIAL COUNCIL, OFFICIAL RECORDS: 54th SESSION
_9327298
245 0 _aOfficial records
260 _aNew York
_bUnited Nations
_c1973
300 _axxv, 66p
_ccm.
700 _aUNITED NATIONS, ECONOMIC AND SOCIAL COUNCIL, OFFICIAL RECORDS: 54th SESSION
_9327299
942 _hVIN45,93:8.N73, L3 /UN
_cGB
_2CC
999 _c638075
_d638075